El mecanismo de ajuste internacional
Gorde:
| Egile Nagusiak: | , , , , , , , , , , , , , , |
|---|---|
| Formatua: | Liburua |
| Hizkuntza: | gaztelania |
| Argitaratua: |
Ciudad de México
FMI
1973
Ciudad de México BID 1973 Ciudad de México CEMLA 1973 |
| Saila: | Biblioteca Financiera
|
| Gaiak: | |
| Etiketak: |
Etiketa erantsi
Etiketarik gabe, Izan zaitez lehena erregistro honi etiketa jartzen!
|
MARC
| LEADER | 00000nam a2200000 a 4500 | ||
|---|---|---|---|
| 001 | UCT8677 | ||
| 003 | CL-VaPUC | ||
| 005 | 20240612120423.0 | ||
| 008 | 970326e19730000mx 1 spa d | ||
| 044 | |a mx |2 marc | ||
| 044 | |a mx |2 marc | ||
| 044 | |a mx |2 marc | ||
| 082 | 0 | 4 | |a 332.456 |b CAV |2 21 |
| 100 | 1 | |a Caves, Richard E |e author |9 618214 | |
| 700 | 1 | |a Friedman, Milton |e author |9 356484 | |
| 700 | |a Gilbert, Milton |e author |9 618215 | ||
| 700 | |a Haberler, Gottfried |e author |9 618216 | ||
| 700 | 1 | |a Solomon, Robert |e author |9 618217 | |
| 700 | 1 | |a Parsons, Maurice H |e author |9 618218 | |
| 700 | 1 | |a Triffin, Robert |e author |9 618219 | |
| 700 | 1 | |a Poole, William |e author |9 618220 | |
| 700 | 1 | |a Shapiro, Eli |e author |9 618221 | |
| 700 | |a Kindleberger, Charles P |e author |9 618222 | ||
| 700 | 1 | |a Friedman, Milton |e author |9 356484 | |
| 700 | |a Halm, George N |e author |9 618223 | ||
| 700 | 1 | |a Cooper, Richard N |e author |9 618224 | |
| 700 | 1 | |a Fleming, J. Marcus |e author |9 618225 | |
| 700 | 1 | |a Fieleke, Norman S |e author |9 618226 | |
| 700 | 1 | |a Bryant, Ralph C |e author |9 618227 | |
| 245 | 1 | 3 | |a El mecanismo de ajuste internacional |
| 260 | |a Ciudad de México |b FMI |c 1973 | ||
| 260 | |a Ciudad de México |b BID |c 1973 | ||
| 260 | |a Ciudad de México |b CEMLA |c 1973 | ||
| 300 | |a 260 p | ||
| 490 | 0 | |a Biblioteca Financiera | |
| 583 | |a last modification |c 20171011 10:54:26 |k Rodrigo Vera | ||
| 650 | 0 | 7 | |a REAJUSTE |2 CL-VaPUC |9 369428 |
| 650 | 0 | 0 | |a Balanza de pagos |9 316476 |
| 650 | 0 | 0 | |a Moneda |9 342365 |
| 650 | 0 | 7 | |a SISTEMA MONETARIO INTERNACIONAL |2 CL-VaPUC |9 322730 |
| 650 | 0 | 0 | |a Mercado monetario |9 358831 |
| 942 | |c BK | ||
| 945 | |a paguirre |d 19970326 00:00:00 | ||
| 546 | |a En Español | ||
| 518 | |p Conferencia Monetaria, New Hampshire, 8 al 10 de Octubre de 1969 | ||
| 999 | |c 382845 |d 382843 | ||
| 952 | |0 0 |1 0 |4 0 |6 332_456000000000000_CAV_1973 |7 0 |8 P |9 504740 |a BIBDER |b BIBDER |d 2020-01-23 |i 1815318 |o 332.456 CAV 1973 |p 1815318 |r 2023-01-25 |w 2020-01-23 |y BK |k DER | ||